[Event "CRO-chT2a"]
[Site "Croatia"]
[Date "2009.04.25"]
[Round "4"]
[White "Prpic, Ivan"]
[Black "Cigala, Janez"]
[Result "1-0"]
[WhiteElo "1942"]
[BlackElo "1925"]
[PlyCount "77"]
[EventDate "2009.04.04"]
[EventType "team-tourn"]
[EventRounds "9"]
[EventCountry "CRO"]
[SourceTitle "EXT 2010"]
[Source "ChessBase"]
[SourceDate "2010.11.25"]
[SourceVersion "1"]
[SourceVersionDate "2010.11.25"]
[SourceQuality "1"]

1. e4 c6 2. Nf3 d5 3. exd5 cxd5 4. d4 Nf6 5. Nc3 Bg4 6. Be2 e6 7. h3 Bh5 8. 0-0 Nbd7 9. Re1 Be7 10. Bf4 a6 11. a3 0-0 12. Ne5 Bxe2 13. Qxe2 Qb6 14. Nxd7 Nxd7 15. Nxd5 exd5 16. Qxe7 Nf6 17. Qb4 Qc6 18. c3 Rfe8 19. f3 h6 20. Be5 Nd7 21. Bg3 Nf6 22. Re5 Nd7 23. Re7 Rxe7 24. Qxe7 Nf6 25. Qc5 Re8 26. Qxc6 bxc6 27. Kf2 Rc8 28. Re1 c5 29. dxc5 Rxc5 30. Be5 Rb5 31. b4 Nd7 32. Bd4 Rb7 33. Re8+ Kh7 34. Ra8 Nb8 35. Ke3 f6 36. Bc5 Kg6 37. Kd4 Kf5 38. Kxd5 Kf4 39. Bd6+ 1-0

[Event "Porec op"]
[Site "Porec"]
[Date "2006.12.09"]
[Round "5"]
[White "Cigala, Janez"]
[Black "Makaj, Marko"]
[Result "0-1"]
[WhiteElo "1986"]
[BlackElo "2205"]
[PlyCount "58"]
[EventDate "2006.12.07"]
[EventType "swiss"]
[EventRounds "7"]
[EventCountry "CRO"]
[SourceTitle "CBM 115 Extra"]
[Source "ChessBase"]
[SourceDate "2007.01.10"]
[SourceVersion "1"]
[SourceVersionDate "2007.01.10"]
[SourceQuality "1"]

1. d4 Nf6 2. c4 g6 3. g3 Bg7 4. Bg2 0-0 5. Nc3 d6 6. Nf3 Nbd7 7. e4 e5 8. h3 c6 9. Be3 exd4 10. Nxd4 a5 11. 0-0 Nc5 12. Nb3 Ne6 13. Qd2 a4 14. Nd4 Re8 15. Rad1 Nc5 16. Bg5 Qa5 17. Rfe1 Nfd7 18. Bf4 Ne5 19. Bxe5 dxe5 20. Nc2 Be6 21. Ne3 Bh6 22. Bf1 Rad8 23. Qe2 a3 24. Qc2 axb2 25. Qxb2 Rd4 26. Nc2 Bd2 27. Nb1 Bxe1 28. Nxd4 exd4 29. Qxd4 Bb4 0-1

[Event "Porec op"]
[Site "Porec"]
[Date "2006.12.07"]
[Round "2"]
[White "Doric, Nenad"]
[Black "Cigala, Janez"]
[Result "1-0"]
[WhiteElo "2310"]
[BlackElo "1986"]
[PlyCount "45"]
[EventDate "2006.12.07"]
[EventType "swiss"]
[EventRounds "7"]
[EventCountry "CRO"]
[SourceTitle "CBM 115 Extra"]
[Source "ChessBase"]
[SourceDate "2007.01.10"]
[SourceVersion "1"]
[SourceVersionDate "2007.01.10"]
[SourceQuality "1"]

1. e4 c5 2. Nf3 d6 3. c3 Nf6 4. Be2 Nc6 5. d4 cxd4 6. cxd4 Nxe4 7. d5 Qa5+ 8. Nc3 Nxc3 9. bxc3 Nb8 10. 0-0 g6 11. Qd4 Rg8 12. Rb1 a6 13. c4 Bg7 14. Qh4 Qxa2 15. Bd3 Nd7 16. Re1 Nf6 17. Re2 Qa5 18. Bg5 Kd8 19. Be3 Qc3 20. Bb6+ Kd7 21. Rbe1 Re8 22. Bc2 Ng8 23. Ba4# 1-0

[Event "Porec op"]
[Site "Porec"]
[Date "2004.12.04"]
[Round "5"]
[White "Cigala, Janez"]
[Black "Doric, Darko"]
[Result "0-1"]
[WhiteElo "2029"]
[BlackElo "2324"]
[PlyCount "96"]
[EventDate "2004.12.02"]
[EventType "swiss"]
[EventRounds "7"]
[EventCountry "CRO"]
[SourceTitle "CBM 103 Extra"]
[Source "ChessBase"]
[SourceDate "2005.01.01"]
[SourceVersion "1"]
[SourceVersionDate "2005.01.01"]
[SourceQuality "1"]

1. d4 d5 2. Bf4 Nf6 3. e3 c5 4. c3 Nc6 5. Nf3 Qb6 6. Qb3 c4 7. Qc2 Bf5 8. Qc1 h6 9. Nbd2 e6 10. h3 Be7 11. b3 cxb3 12. axb3 0-0 13. Be2 Rfc8 14. Qb2 Qd8 15. 0-0 Bd6 16. Bxd6 Qxd6 17. Rfd1 a5 18. Bb5 b6 19. Rac1 Rc7 20. Re1 Rac8 21. Bxc6 Rxc6 22. Ne5 R6c7 23. f3 Nd7 24. Nxd7 Qxd7 25. e4 Bg6 26. Kh2 Qb5 27. Re3 Qa6 28. Qa3 e5 29. c4 exd4 30. Rd3 dxe4 31. Nxe4 Bxe4 32. fxe4 Rd7 33. Rcd1 Rcd8 34. Qb2 a4 35. Qa3 Qa5 36. Qxa4 Qe5+ 37. Kh1 Qxe4 38. Qb5 Rd6 39. b4 Rg6 40. R1d2 Rdd6 41. c5 Rdf6 42. Rxd4 Qe1+ 43. Kh2 Rf1 44. Qxf1 Qxf1 45. Rd6 Rxd6 46. Rxd6 bxc5 47. bxc5 Qf4+ 48. Kh1 Qc1+ 0-1